| 000 | 00831nmm a2200301 a 4500 | ||
|---|---|---|---|
| 003 | AR-Y00000XR | ||
| 005 | 20251128211929.0 | ||
| 008 | 267020s1990 ||||||||||||||000 | spa|| | ||
| 020 | _a85-219-0308-1 | ||
| 040 | _cAR-Y00000XR | ||
| 100 | 1 | _aHobsbawm, Eric J. | |
| 245 | 1 | 0 |
_aNações e nacionalismo desde 1780 _bprograma, mito e realidade |
| 260 |
_aRio de Janeiro _bPaz e Terra _c1990 |
||
| 300 | 0 | _a230 p. | |
| 650 | 4 | _aNACIONALISMO | |
| 650 | 4 | _aNACIONALIDAD | |
| 650 | 4 | _aREPRESENTACION POLITICA | |
| 650 | 4 | _aLIBERALISMO | |
| 650 | 4 | _aPROCESOS POLITICOS | |
| 650 | 4 | _aPOLITICA SOCIAL | |
| 650 | 4 | _aPATRIOTISMO | |
| 650 | 4 | _aSOCIOLOGIA POLITICA | |
| 653 | 0 | _aGLOBALIZACION | |
| 700 | 1 |
_aPaoli, Maria Celia _etraductor |
|
| 700 | 1 |
_aQuirino, Anna Maria _etraductor |
|
| 942 | _cBK | ||
| 998 | _cme-calidad | ||
| 999 |
_c21662 _d21662 |
||